| 000 | 01027nam1a22002771 4500 | ||
|---|---|---|---|
| 001 | rc\2983131 | ||
| 005 | 20110913155312.8 | ||
| 035 | _a(NLR Aleph) 007128192 | ||
| 090 |
_a6932222 _c6932222 |
||
| 100 | _a20110913d1938 |||y0rusy50 ca | ||
| 101 | 0 | _arus | |
| 102 | _aRU | ||
| 105 | _ay z ||||| | ||
| 200 | 1 | _aНормирование станочных работ | |
| 205 | _a2-е изд. | ||
| 210 |
_a[Москва] _cБ. и. _d1938 _gстеклогр. Гипромаша |
||
| 215 | _d30 см | ||
| 300 | _aПодготовка к печати 2 изд. произведено Гипромашем в составе сотрудников: доц. Тишина С.Д., инж. Андреева В.А. и инж. Либмана А.Г. | ||
| 702 | 1 |
_aТишин _bС. Д. _gСергей Дмитриевич _4570 |
|
| 702 | 1 |
_aАндреев _bВ. А. _4570 |
|
| 702 | 1 |
_aЛибман _bА. Г. _4570 |
|
| 801 | 0 |
_aRU _bNLR _gpsbo |
|
| 801 | 1 |
_aRU _bELAR _2rusmarc |
|
| 852 |
_aNLR _j37-20/99(99) |
||
| 942 | _cBOOK | ||
| 980 | _aNB | ||